00750nam a2200145 a 4500008004100000050002000041110005700061245011700118260007200235350000900307650004200316995010000358999001700458952012900475100310s9999 ||||||||||||||||| || u aUN-ECA(01)PADIS aUnited Nations Economic Commission For Africa(UNECA)10aPADIS question - answer service : data bases searchedcby United Nations Economic Commission for Africa (UN-ECA) aAddis AbababUNITED NATIONS ECONOMIC COMMISSION FOR AFRICA(UNECA)c a0.00 aPADIS (INFORMATION RETRIEVAL SYSTEMS) D0.00FCBU-MAIN LIBRARY (Kitwe)H1I0.00M1UAVAILABLEWMar 10, 2010ZInternational Publications c53068d53068 00102lcc4070a001b001cInternational Publicationsd2022-11-30l0oUN-ECA(01)PADISp03006027r2022-11-30w2022-11-30y002